Система очистки солнечных панелей в космосе; "Орбита молодёжи" и перспективы развития российской космонавтики

Dettagli Bibliografici
Parent link:"Орбита молодёжи" и перспективы развития российской космонавтики.— 2017.— [С. 37-38]
Autore principale: Нургалиева Р. А.
Altri autori: Вавилов В.Е. (научный руководитель), Исмагилов Ф. Р.
Riassunto:Заглавие с экрана
Lingua:russo
Pubblicazione: 2017
Serie:Космические исследования и использование результатов космической деятельности
Soggetti:
Accesso online:http://earchive.tpu.ru/handle/11683/44753
Natura: Elettronico Capitolo di libro
KOHA link:https://koha.lib.tpu.ru/cgi-bin/koha/opac-detail.pl?biblionumber=624807

MARC

LEADER 00000naa2a2200000 4500
001 624807
005 20231101133330.0
035 |a (RuTPU)RU\TPU\conf\24067 
090 |a 624807 
100 |a 20171130d2017 k y0rusy50 ca 
101 0 |a rus 
102 |a RU 
105 |a y z 101zy 
135 |a drgn ---uucaa 
181 0 |a i  
182 0 |a b 
200 1 |a Система очистки солнечных панелей в космосе  |f Р. А. Нургалиева, В.Е. Вавилов  |g науч. рук. Ф. Р. Исмагилов 
203 |a Текст  |c электронный 
225 1 |a Космические исследования и использование результатов космической деятельности 
230 |a 1 компьютерный файл (pdf; 215 Кб) 
300 |a Заглавие с экрана 
320 |a [Библиогр.: с. 38 (6 назв.)] 
463 0 |0 (RuTPU)RU\TPU\conf\23829  |t "Орбита молодёжи" и перспективы развития российской космонавтики  |o сборник докладов Всероссийской молодёжной научно-практической конференции, г. Томск, 18-22 сентября 2017 г.  |f Российская Федерация, Федеральное космическое агентство (Роскосмос) ; Национальный исследовательский Томский политехнический университет (ТПУ) ; Российская академия наук (РАН), Сибирское отделение (СО), Институт физики прочности и материаловедения (ИФПМ) ; Полюс  |v [С. 37-38]  |d 2017 
610 1 |a электронный ресурс 
610 1 |a очистка 
610 1 |a солнечные панели 
610 1 |a космос 
610 1 |a колебания 
610 1 |a альтернативная энергетика 
610 1 |a солнечная энергетика 
700 1 |a Нургалиева  |b Р. А. 
701 1 |a Вавилов  |b В.Е. 
702 1 |a Исмагилов  |b Ф. Р.  |4 727 
801 2 |a RU  |b 63413507  |c 20171208  |g RCR 
856 4 |u http://earchive.tpu.ru/handle/11683/44753 
942 |c BK